PFI and the skills of the project manager (Record no. 103612)
[ view plain ]
| 000 -LEADER | |
|---|---|
| fixed length control field | 01049cam a2200181 4500 |
| 001 - CONTROL NUMBER | |
| control field | L126367 |
| 008 - FIXED-LENGTH DATA ELEMENTS--GENERAL INFORMATION | |
| fixed length control field | 040602n2003 000 0 eng u |
| 035 ## - SYSTEM CONTROL NUMBER | |
| System control number | (Sirsi) u126367 |
| 041 ## - LANGUAGE CODE | |
| Language code of text/sound track or separate title | eng |
| 050 ## - LIBRARY OF CONGRESS CALL NUMBER | |
| Classification number | 658.404 |
| -- | 18 |
| 110 ## - MAIN ENTRY--CORPORATE NAME | |
| Corporate name or jurisdiction name as entry element | Royal Institution of Chartered Surveyors |
| Subordinate unit | Project Management Faculty |
| 9 (RLIN) | 4639 |
| 245 ## - TITLE STATEMENT | |
| Title | PFI and the skills of the project manager |
| Remainder of title | executive summary |
| 260 ## - PUBLICATION, DISTRIBUTION, ETC. | |
| Place of publication, distribution, etc. | London |
| Name of publisher, distributor, etc. | RICS |
| Date of publication, distribution, etc. | 2003 |
| 520 ## - SUMMARY, ETC. | |
| Summary, etc. | This summary outlines the first detailed analysis of Private Finance Initiative (PFI) carried out within the RICS Project Management Faculty. The faculty sponsored the College of Estate Management to examine how often and how much faculty members were involved in the PFI process. The aim of the study was to increase awareness about PFI among the surveying profession and to develop and expand project management skills and competencies. |
| 690 ## - LOCAL SUBJECT ADDED ENTRY--TOPICAL TERM (OCLC, RLIN) | |
| Topical term or geographic name as entry element | MANAGEMENT-PROJECT MANAGEMENT-PROJECT MANAGERS |
| 856 ## - ELECTRONIC LOCATION AND ACCESS | |
| Uniform Resource Identifier | <a href="https://www.rics.org/RICSWEB/getpage.aspx?p=wf5jPjQA8E6y4V67Or3myA">https://www.rics.org/RICSWEB/getpage.aspx?p=wf5jPjQA8E6y4V67Or3myA</a> |
| Public note | View article at |
| 942 ## - ADDED ENTRY ELEMENTS (KOHA) | |
| Suppress in OPAC | 0 |
| Withdrawn status | Lost status | Source of classification or shelving scheme | Damaged status | Not for loan | Home library | Current library | Shelving location | Date acquired | Total Checkouts | Full call number | Barcode | Date last seen | Copy number | Price effective from | Koha item type |
|---|---|---|---|---|---|---|---|---|---|---|---|---|---|---|---|
| Dewey Decimal Classification | Virtual | Virtual | Online | 02/06/2004 | ONLINE PUBLICATION | 126367-3001 | 06/08/2019 | 1 | 06/08/2019 | Book |